[Event "Witwatersrand USSA Cup (Women)"]
[Site "Witwatersrand"]
[Date "2015.04.26"]
[Round "7"]
[White "Machumele, Khanani"]
[Black "Chen, Lilian"]
[Result "0-1"]
[WhiteElo "1319"]
[BlackElo "1306"]
[PlyCount "75"]
[EventDate "2015.04.23"]
[EventType "tourn"]
[EventRounds "9"]
[EventCountry "RSA"]
[SourceTitle "EXT 2016"]
[Source "ChessBase"]
[SourceDate "2015.10.08"]
[SourceVersion "1"]
[SourceVersionDate "2015.10.08"]
[SourceQuality "1"]

1. e4 c5 2. Nf3 Nc6 3. Bc4 d6 4. d3 g6 5. h3 Bg7 6. 0-0 e6 7. Qe2 Nge7 8. Nc3 Qb6 9. Rb1 Bxc3 10. Bf4 Bg7 11. Bxd6 0-0 12. Qe3 Nd4 13. Bxe7 Re8 14. Bg5 Nxc2 15. Qd2 Nb4 16. e5 Nd5 17. Bh6 Qc6 18. h4 Ne7 19. Qg5 Nf5 20. Bxg7 Nxg7 21. Rfe1 Qd7 22. Re4 b5 23. h5 Nxh5 24. Rh4 bxc4 25. Rxh5 Qxd3 26. Rc1 Bb7 27. Rc3 Qf5 28. Rh6 Bxf3 29. Qxf5 exf5 30. Rxf3 Rxe5 31. Rfh3 Rae8 32. Rxh7 Re2 33. Rh8+ Kg7 34. Rxe8 Rxe8 35. Rc3 Re2 36. a3 Rxb2 37. Rxc4 Rb3 38. Rxc5 0-1

[Event "Witwatersrand USSA Cup (Women)"]
[Site "Witwatersrand"]
[Date "2015.04.25"]
[Round "6"]
[White "Caesar, Chante"]
[Black "Machumele, Khanani"]
[Result "1/2-1/2"]
[WhiteElo "1608"]
[BlackElo "1319"]
[PlyCount "80"]
[EventDate "2015.04.23"]
[EventType "tourn"]
[EventRounds "9"]
[EventCountry "RSA"]
[SourceTitle "EXT 2016"]
[Source "ChessBase"]
[SourceDate "2015.10.08"]
[SourceVersion "1"]
[SourceVersionDate "2015.10.08"]
[SourceQuality "1"]

1. e4 e5 2. Nc3 Nc6 3. Bc4 Nf6 4. d3 h6 5. a3 Bc5 6. Nf3 d6 7. h3 0-0 8. 0-0 Be6 9. Bb3 Rc8 10. Re1 Qd7 11. Be3 Kh8 12. Bxe6 fxe6 13. Bxc5 dxc5 14. Qd2 Nh5 15. Re3 Nf4 16. Kh2 Rf6 17. g3 Nh5 18. Kg2 Rcf8 19. Rf1 Qf7 20. Nh2 Qg6 21. Kh1 a6 22. Ng4 R6f7 23. Nd1 Nf6 24. Nxf6 Rxf6 25. c3 h5 26. h4 Qg4 27. Kg2 Ne7 28. Qe2 Qg6 29. b4 cxb4 30. axb4 Qh6 31. Kh2 R6f7 32. d4 exd4 33. cxd4 Nc6 34. Qc4 Rd8 35. Rd3 Rfd7 36. b5 Rxd4 37. Rxd4 Rxd4 38. Qc5 axb5 39. Qxb5 Rb4 40. Qd3 Qf6 1/2-1/2